Państwa dostępne w Geoguessr - Statystyki

Ogólne statystyki
  • Ten quiz został rozwiązany 73 razy
  • Średni wynik to 70 z 108
Statystyki odpowiedzi
Państwo % Poprawnych
Polska
100%
Norwegia
96%
Rosja
96%
Wielka Brytania
94%
Belgia
92%
Estonia
92%
Finlandia
92%
Irlandia
92%
Niemcy
92%
Szwecja
92%
Dania
90%
Litwa
90%
Łotwa
90%
Luksemburg
90%
Słowacja
90%
Ukraina
90%
Czechy
88%
Francja
88%
Niderlandy
88%
Portugalia
88%
Andora
86%
Austria
86%
Hiszpania
86%
Islandia
86%
Stany Zjednoczone
82%
Włochy
82%
Albania
80%
Chorwacja
80%
Grecja
80%
Kanada
80%
Monako
80%
Słowenia
80%
Szwajcaria
80%
Australia
78%
Węgry
78%
Brazylia
76%
Bułgaria
76%
Czarnogóra
76%
Indonezja
76%
Malta
76%
Meksyk
76%
Nowa Zelandia
76%
Japonia
75%
Rumunia
75%
Serbia
75%
Turcja
75%
Argentyna
73%
Chile
73%
Indie
73%
Malezja
73%
Panama
73%
Republika Południowej Afryki
73%
Wyspa Man
73%
Ekwador
71%
Peru
71%
Gwatemala
69%
Kolumbia
69%
Izrael
67%
Kenia
67%
Tajlandia
67%
Zjednoczone Emiraty Arabskie
67%
Jordania
65%
Korea Południowa
65%
Urugwaj
65%
Macedonia Północna
63%
Katar
61%
Boliwia
59%
Botswana
59%
Kazachstan
59%
Lesotho
59%
Senegal
59%
Singapur
57%
Bangladesz
55%
Chiny
55%
Dominikana
55%
Ghana
55%
Kambodża
55%
Nigeria
55%
Tunezja
55%
Wietnam
55%
Eswatini
53%
Kostaryka
53%
Mongolia
53%
Tajwan
53%
Wyspy Owcze
53%
Kirgistan
51%
Madagaskar
51%
Laos
49%
Rwanda
49%
Filipiny
47%
Uganda
47%
Bhutan
45%
Pakistan
41%
Sri Lanka
41%
Grenlandia
39%
Curaçao
25%
Guam
25%
Hongkong
25%
Bermudy
24%
Reunion
24%
Palestyna
18%
Mariany Północne
16%
Samoa Amerykańskie
16%
Wyspy Świętego Tomasza i Książęca
16%
Wyspy Dziewicze Stanów Zjednoczonych
14%
Wyspa Bożego Narodzenia
10%
Gwinea Bissau
2%
Dalekie Wyspy Mniejsze Stanów Zjednoczonych
0%
Nie znaleziono quizów pasujących do podanych kryteriów
Rozkład punktacji
Procent ludzi z każdym wynikiem
Percentyl według liczby udzielonych odpowiedzi
Twoja historia wyników
Nie rozwiązałeś tego quizu